Ulice na Bemowie - Statystyki

Ogólne statystyki
  • Ten quiz został rozwiązany 109 razy
  • Średni wynik to 36 z 229
Statystyki odpowiedzi
Hint Odpowiedź % Poprawnych
ul. Górczewska
90%
ul. Powstańców Śląskich
84%
ul. Lazurowa
80%
ul. Wrocławska
72%
ul. Dywizjonu 303
70%
ul. Radiowa
70%
ul. Połczyńska
69%
ul. Czumy
62%
ul. Człuchowska
61%
ul. Piastów Śląskich
59%
plac Kasztelański
52%
ul. Synów Pułku
52%
ul. Kocjana
51%
ul. Archimedesa
44%
ul. Klemensiewicza
43%
osiedle Przyjaźń
41%
ul. Kaliskiego
39%
ul. Konarskiego
39%
rondo Radia Wolna Europa
39%
ul. Obrońców Tobruku
38%
ul. Rozłogi
38%
ul. Batalionów Chłopskich
36%
ul. Kazubów
36%
ul. Krzywoń
36%
ul. Raginisa
36%
ul. Sternicza
36%
ul. Hery
34%
ul. Pełczyńskiego
34%
ul. Narwik
33%
ul. Siemiatycka
33%
ul. Szobera
33%
ul. Widawska
33%
ul. Zachodzącego Słońca
33%
ul. Maczka
31%
ul. Zeusa
31%
ul. Brygadzistów
30%
ul. Drzeworytników
30%
al. 4 czerwca 1989 roku
28%
ul. Łęgi
28%
ul. Tkaczy
28%
ul. Szeligowska
26%
ul. Dźwigowa
25%
ul. Gimnazjalna
25%
ul. Muszlowa
25%
ul. Coopera
23%
ul. Jana Olbrachta
23%
ul. Orlich Gniazd
23%
al. Obrońców Grodna
21%
ul. Wyki
21%
ul. Żołnierzy Wyklętych
21%
ul. Kartezjusza
20%
ul. Kossutha
20%
ul. Księcia Bolesława
20%
ul. Siodlarska
20%
ul. Sochaczewska
20%
ul. Świętochowskiego
20%
ul. Andriollego
18%
ul. Bolkowska
18%
ul. Borowej Góry
18%
ul. Grodkowska
18%
ul. Karabeli
18%
ul. Kawy
18%
ul. Marynin
18%
ul. Okrętowa
18%
ul. Oławska
18%
ul. Osmańczyka
18%
ul. Pirenejska
18%
ul. Sucharskiego
18%
ul. Świetlików
18%
ul. Batalionu Miotła
16%
ul. Czerwonych Maków
16%
ul. Kopalniana
16%
ul. Kruszyńska
16%
ul. Kryształowa
16%
ul. Strzelców
16%
ul. Bailly
15%
ul. Doroszewskiego
15%
ul. Kutrzeby
15%
ul. Legendy
15%
ul. Morcinka
15%
ul. Nowej Huty
15%
ul. Pitagorasa
15%
ul. Posejdona
15%
ul. Powązkowska
15%
ul. Puszczy Solskiej
15%
ul. Strąkowa
15%
ul. Telefoniczna
15%
ul. Westerplatte
15%
ul. Deyny
13%
ul. Ebro
13%
ul. Irzykowskiego
13%
ul. Sołtana
13%
ul. Afrodyty
11%
ul. Apollina
11%
ul. Artemidy
11%
ul. Cokołowa
11%
ul. Dostawcza
11%
ul. Dostępna
11%
ul. Drogomilska
11%
ul. Mory
11%
ul. Oświatowa
11%
ul. Szadkowskiego
11%
ul. Szwankowskiego
11%
ul. Telewizyjna
11%
ul. Wybickiego
11%
ul. Apenińska
10%
ul. Borowego
10%
ul. Gierdziejewskiego
10%
ul. Himalajska
10%
ul. Lustrzana
10%
ul. Moździerzy
10%
ul. Owczarska
10%
ul. Pieniążka
10%
ul. Rodła
10%
ul. Rotundy
10%
ul. Słomiana
10%
ul. Szczotkarska
10%
ul. Thomméego
10%
ul. Uniejowska
10%
ul. Wolfkego
10%
ul. Zaborowska
10%
ul. Andyjska
8%
ul. Arki Bożka
8%
ul. Blatona
8%
ul. Budy
8%
ul. Dębicka
8%
ul. Gabriela
8%
ul. Kampinoska
8%
ul. Kontuszowa
8%
ul. Miarki
8%
ul. Miejska
8%
ul. Millera
8%
ul. Natalii
8%
ul. Newtona
8%
ul. Sosnowiecka
8%
ul. Spychowska
8%
ul. Szlifierska
8%
ul. Waldorffa
8%
ul. Babimojska
7%
ul. Baborowska
7%
ul. Bawełniana
7%
ul. Bogatyńska
7%
ul. Ciołkowskiego
7%
ul. Dobrzańskiego
7%
ul. Fortuny
7%
ul. Gąsiorowskiego
7%
ul. Iskry
7%
ul. Jeździecka
7%
ul. Kiermaszowa
7%
ul. Kluczborska
7%
ul. Korfantego
7%
ul. Księżycowa
7%
ul. Legionowa
7%
ul. Lencewicza
7%
ul. Mendelejewa
7%
ul. Okoliczna
7%
ul. Podgrodzie
7%
ul. Podkowińska
7%
ul. Prometeusza
7%
ul. Secemińska
7%
ul. Akantu
5%
ul. Arciszewskiego
5%
ul. Arkadyjska
5%
ul. Bolimowska
5%
ul. Bołtucia
5%
ul. Borzęcińska
5%
ul. Einsteina
5%
ul. Elektry
5%
ul. Galileusza
5%
ul. Gołuchowska
5%
ul. Grotowska
5%
ul. Kaden-Bandrowskiego
5%
ul. Kleeberga
5%
ul. Łagowska
5%
ul. Leskiego
5%
ul. Łokuciewskiego
5%
ul. Markiewicza
5%
ul. Na Wyraju
5%
ul. Ołtarzewska
5%
ul. Pobudki
5%
ul. Podmiejska
5%
ul. Popiołka
5%
ul. Przy Fosie
5%
ul. Reżyserska
5%
ul. Rodzinna
5%
ul. Rostworowskiego
5%
ul. Rzędzińska
5%
ul. Sobczaka
5%
ul. Strońska
5%
ul. Szareckiego
5%
ul. Trzech Lotniczek Polskich
5%
ul. Zaboreczne
5%
ul. Ziębicka
5%
rondo Adameckiego
3%
ul. Brandta
3%
ul. Cieplarniana
3%
ul. Dorohuska
3%
ul. Dynarska
3%
ul. Fabiańska
3%
ul. Hucisko
3%
ul. Joyce’a
3%
ul. Kędzierskiego
3%
ul. Kircholmska
3%
ul. Kołczana
3%
ul. Komorowska
3%
ul. Krajeńska
3%
ul. Kunickiego
3%
ul. Laserowa
3%
ul. Ligonia
3%
ul. Oblęgorska
3%
ul. Oryszewska
3%
ul. Otrębuska
3%
ul. Rąblowska
3%
ul. Radziejowicka
3%
ul. Rozalińska
3%
ul. Skłoby
3%
ul. Stellera
3%
ul. Strawczyńska
3%
ul. Wielbarska
3%
ul. Wieśniacza
3%
ul. Bułhaka
2%
ul. Dobrowolskiego
2%
ul. Leibniza
2%
ul. Orlińskiego
2%
ul. Osowiecka
2%
ul. Siemienowicza
2%
ul. Kozłowiecka
0%
ul. Kraszewskiego
0%
rondo Ofiar Zbrodni Katyńskiej
0%
Nie znaleziono quizów pasujących do podanych kryteriów
Rozkład punktacji
Procent ludzi z każdym wynikiem
Percentyl według liczby udzielonych odpowiedzi
Twoja historia wyników
Nie rozwiązałeś tego quizu